[Event "Liptovsky Mikulas V4 U11 op"]
[Site "Liptovsky Mikulas"]
[Date "2017.06.24"]
[Round "6"]
[White "Kossuth, Lukas"]
[Black "Sevcik, Ondrej"]
[Result "0-1"]
[WhiteElo "1000"]
[BlackElo "1000"]
[PlyCount "72"]
[EventDate "2017.06.22"]
[EventType "swiss"]
[EventRounds "9"]
[EventCountry "SVK"]
[SourceTitle "CBM 179 Extra"]
[Source "ChessBase"]
[SourceDate "2017.08.23"]
[SourceVersion "1"]
[SourceVersionDate "2017.08.23"]
[SourceQuality "1"]

1. e4 e5 2. Nf3 Nc6 3. Nc3 Nf6 4. Bc4 Bc5 5. 0-0 0-0 6. d3 d6 7. h3 Be6 8. b3 Bxc4 9. bxc4 Bb4 10. Bd2 Bxc3 11. Bxc3 Re8 12. Rb1 b6 13. Qd2 a5 14. c5 bxc5 15. Rb7 d5 16. Bxe5 Nxe5 17. Nxe5 Rxe5 18. Re1 dxe4 19. Qf4 Re6 20. dxe4 Nh5 21. Qg4 Nf6 22. Qg5 Nxe4 23. Qxd8+ Rxd8 24. Rxc7 h6 25. Ra7 Ng5 26. Rb1 Rg6 27. Kf1 Rd2 28. Rb2 Ne4 29. Rb8+ Kh7 30. Raa8 Rxf2+ 31. Kg1 Rgxg2+ 32. Kh1 Nd2 33. Rh8+ Kg6 34. Ra7 Kg5 35. Rxa5 Rh2+ 36. Kg1 Rfg2# 0-1